000 00846nam a2200289Ia 4500
001 Z_741
003 CHAP
008 220113s1990 xx 000 0 und d
010 _a163834
040 _cCHAP
090 _aTesis G 601
100 _aGodines Pelayo, Luis
_948447
245 _aProducción de semilla en conchita azul clitoria ternatea L. y Glycine neonotonia wightii Verd /
_cpor Luis Godines Pelayo
260 _aChapingo, Méx. :
_bEl autor,
_c1990
300 _a74 h. ; ilus.
502 _aTesis (Ing. Agrónomo Esp. en Zootecnia) -- UACH. Departamento de Zootecnia
650 _aClitoria ternatea
_923880
650 _aGlycine wightii
_948339
650 _aLeguminosas
_xSemilla
_965851
650 _aSemillas
901 _aTESIS G 601
902 _aM
910 _a1990
942 _c2
942 _c2
999 _c163834
_d163834